Statistiken für Länder des Osmanischen Reiches

Klicken Sie hier um das Quiz zu spielen!

Allgemein

  • Dieses Quiz wurde 494 mal gespielt
    (487 seit der letzten Aktualisierung)
  • Das Durchschnittsergebnis liegt bei 37 aus 50

Antwortstatistiken

Länder% Korrekt
Iran
95%
Irak
93%
Ägypten
92%
Griechenland
92%
Türkei
92%
Bulgarien
90%
Saudi - Arabien
90%
Algerien
89%
Syrien
89%
Serbien
87%
Albanien
86%
Armenien
86%
Rumänien
85%
Georgien
84%
Israël
84%
Marokko
84%
Aserbaidschan
83%
Ungarn
83%
Jemen
82%
Kroatien
81%
Russland
81%
Bosnien und Herzegowina
80%
Oman
80%
Kosovo
79%
Tunesien
78%
Ukraine
78%
Libanon
77%
Libyen
76%
Österreich
76%
Zypern
76%
Slowenien
74%
Montenegro
73%
Jordanien
72%
Sudan
72%
Italien
71%
Katar
70%
Mazedonien
70%
Vereinigte Arabische Emirate
69%
Kuwait
68%
Moldawien
67%
Slowakei
67%
Bahrain
61%
Südsudan
58%
Somalia
54%
Äthiopien
52%
Eritrea
51%
Malta
49%
Dschibuti
44%
Palästina
32%
Vereinigtes Königreich
12%

Verteilung der Resultate

Perzentil nach korrekt beantworteten Fragen

Anzahl Personen mit jedem Resultat

Ihre Resultats-Entwicklung

Sie haben dieses Quiz seit der letzten Aktualisierung nicht gespielt